<?xml version="1.0" encoding="UTF-8"?>
<record
    xmlns:xsi="http://www.w3.org/2001/XMLSchema-instance"
    xsi:schemaLocation="http://www.loc.gov/MARC21/slim http://www.loc.gov/standards/marcxml/schema/MARC21slim.xsd"
    xmlns="http://www.loc.gov/MARC21/slim">

  <leader>00483nam a22001937a 4500</leader>
  <datafield tag="999" ind1=" " ind2=" ">
    <subfield code="c">88415</subfield>
    <subfield code="d">88415</subfield>
  </datafield>
  <controlfield tag="005">20200109105922.0</controlfield>
  <controlfield tag="008">161027b        xxu||||| |||| 00| 0 eng d</controlfield>
  <datafield tag="020" ind1=" " ind2=" ">
    <subfield code="a">9780808924517</subfield>
  </datafield>
  <datafield tag="040" ind1=" " ind2=" ">
    <subfield code="c">PK-LaUMT</subfield>
  </datafield>
  <datafield tag="082" ind1=" " ind2=" ">
    <subfield code="a">612.022</subfield>
    <subfield code="b">NET-A</subfield>
  </datafield>
  <datafield tag="100" ind1=" " ind2=" ">
    <subfield code="a">Netter, Frank H.</subfield>
  </datafield>
  <datafield tag="245" ind1=" " ind2=" ">
    <subfield code="a">Atlas of human anatomy /</subfield>
    <subfield code="c">Frank H. Netter</subfield>
  </datafield>
  <datafield tag="250" ind1=" " ind2=" ">
    <subfield code="a">6th ed.</subfield>
  </datafield>
  <datafield tag="260" ind1=" " ind2=" ">
    <subfield code="a">USA :</subfield>
    <subfield code="b">Saunders Elsevier,</subfield>
    <subfield code="c">2014</subfield>
  </datafield>
  <datafield tag="300" ind1=" " ind2=" ">
    <subfield code="a">531 p.</subfield>
  </datafield>
  <datafield tag="546" ind1=" " ind2=" ">
    <subfield code="a">EN</subfield>
  </datafield>
  <datafield tag="650" ind1=" " ind2=" ">
    <subfield code="a">Atlas-Human anatomy</subfield>
  </datafield>
  <datafield tag="942" ind1=" " ind2=" ">
    <subfield code="c">BK</subfield>
  </datafield>
  <datafield tag="952" ind1=" " ind2=" ">
    <subfield code="0">0</subfield>
    <subfield code="1">0</subfield>
    <subfield code="4">0</subfield>
    <subfield code="7">0</subfield>
    <subfield code="a">01</subfield>
    <subfield code="b">01</subfield>
    <subfield code="d">2016-10-27</subfield>
    <subfield code="l">1</subfield>
    <subfield code="m">1</subfield>
    <subfield code="o">612.022 NET-A</subfield>
    <subfield code="p">102543</subfield>
    <subfield code="q">2019-03-27</subfield>
    <subfield code="r">2016-12-01 00:00:00</subfield>
    <subfield code="s">2016-12-01</subfield>
    <subfield code="t">C-2</subfield>
    <subfield code="w">2016-10-27</subfield>
    <subfield code="y">T</subfield>
  </datafield>
  <datafield tag="952" ind1=" " ind2=" ">
    <subfield code="0">0</subfield>
    <subfield code="1">0</subfield>
    <subfield code="4">0</subfield>
    <subfield code="7">0</subfield>
    <subfield code="a">HSC</subfield>
    <subfield code="b">HSC</subfield>
    <subfield code="d">2018-04-20</subfield>
    <subfield code="l">10</subfield>
    <subfield code="o">612.022 NET-A</subfield>
    <subfield code="p">94674</subfield>
    <subfield code="r">2021-07-07 00:00:00</subfield>
    <subfield code="s">2021-06-30</subfield>
    <subfield code="w">2018-04-20</subfield>
    <subfield code="y">BK</subfield>
  </datafield>
  <datafield tag="952" ind1=" " ind2=" ">
    <subfield code="0">0</subfield>
    <subfield code="1">0</subfield>
    <subfield code="4">0</subfield>
    <subfield code="7">0</subfield>
    <subfield code="a">HSC</subfield>
    <subfield code="b">HSC</subfield>
    <subfield code="d">2018-04-20</subfield>
    <subfield code="l">8</subfield>
    <subfield code="o">612.022 NET-A</subfield>
    <subfield code="p">121003</subfield>
    <subfield code="r">2026-01-06 09:42:56</subfield>
    <subfield code="s">2023-11-28</subfield>
    <subfield code="t">C. 3</subfield>
    <subfield code="w">2018-04-20</subfield>
    <subfield code="y">BK</subfield>
  </datafield>
  <datafield tag="952" ind1=" " ind2=" ">
    <subfield code="0">0</subfield>
    <subfield code="1">0</subfield>
    <subfield code="4">0</subfield>
    <subfield code="7">0</subfield>
    <subfield code="a">HSC</subfield>
    <subfield code="b">HSC</subfield>
    <subfield code="d">2018-04-20</subfield>
    <subfield code="l">10</subfield>
    <subfield code="o">612.022 NET-A</subfield>
    <subfield code="p">121004</subfield>
    <subfield code="r">2025-11-13 15:56:15</subfield>
    <subfield code="s">2025-11-13</subfield>
    <subfield code="t">C. 4</subfield>
    <subfield code="w">2018-04-20</subfield>
    <subfield code="y">BK</subfield>
  </datafield>
</record>
